PRINCIPLES OF ECONOMICS (Record no. 29974)
[ view plain ]
| 000 -LEADER | |
|---|---|
| fixed length control field | 00378nam a2200145Ia 4500 |
| 008 - FIXED-LENGTH DATA ELEMENTS--GENERAL INFORMATION | |
| fixed length control field | 240624s9999 xx 000 0 und d |
| 041 ## - LANGUAGE CODE | |
| Language code of text/sound track or separate title | eng |
| 082 ## - DEWEY DECIMAL CLASSIFICATION NUMBER | |
| Classification number | 330 MEL |
| 100 ## - MAIN ENTRY--PERSONAL NAME | |
| Personal name | MELVIN MICHAEL |
| 245 ## - TITLE STATEMENT | |
| Title | PRINCIPLES OF ECONOMICS |
| 250 ## - EDITION STATEMENT | |
| Edition statement | (9th ed.) |
| 260 ## - PUBLICATION, DISTRIBUTION, ETC. | |
| Date of publication, distribution, etc. | 2013 |
| Place of publication, distribution, etc. | New Delhi |
| Name of publisher, distributor, etc. | South-Western Cengage Learning |
| 300 ## - PHYSICAL DESCRIPTION | |
| Extent | xxxviii, 853 p.; 25 cm. |
| 365 ## - TRADE PRICE | |
| Currency code | BPS |
| Price amount | 26 |
| Withdrawn status | Lost status | Damaged status | Not for loan | Home library | Current library | Shelving location | Date acquired | Cost, normal purchase price | Full call number | Barcode | Date last seen | Copy number | Price effective from | Koha item type |
|---|---|---|---|---|---|---|---|---|---|---|---|---|---|---|
| IMTN | IMTN | Rack 4-B | 12/06/2017 | 59.99 | 330 MEL | 29974 | 06/24/2024 | 88 | 06/24/2024 | Books |